=LDR 00000nam 2200000 4500 =001 NUTBA000000000003370 =005 20140815161102.0 =006 =007 =008 =020 ##$$a 978-979-610-463-5 =035 ##$$a 0010-081400000000215 =040 ##$$a NBPDMAT =082 ##$$a 510 =090 ##$$a 510 $b Met m =245 ##$$a Metode cling semua rumus matematika gak pake mikir SMA kelas x, xi, dam xii / $c penyunting, Dedy GNR =260 ##$$a Yogyakarta : $b Pustaka Widyatama, $c 2013 =300 ##$$a 348 hlm. ; $c 15 cm. =650 ##$$a Matematika =990 ##$$a 21404972